Manual de procedimiento: observación, toma de muestras e informe de bovinos para la vigilancia de EEB por médicos veterinarios acreditados
Guardat en:
| Autor corporatiu: | |
|---|---|
| Format: | Llibre |
| Idioma: | espanyol |
| Publicat: |
Santiago
SAG
2005
|
| Matèries: | |
| Etiquetes: |
Afegir etiqueta
Sense etiquetes, Sigues el primer a etiquetar aquest registre!
|
MARC
| LEADER | 00000nam a2200000 a 4500 | ||
|---|---|---|---|
| 001 | UCI1454 | ||
| 003 | CL-VaPUC | ||
| 008 | 070629e20050000CL |||||||||||||||||spa|d | ||
| 082 | 0 | 4 | |a 637.1 |b SER |2 21 |
| 110 | 2 | |a Servicio Agricola y Ganadero |e author |9 521987 | |
| 245 | 1 | 0 | |a Manual de procedimiento: observación, toma de muestras e informe de bovinos para la vigilancia de EEB por médicos veterinarios acreditados |
| 300 | |a 42 p | ||
| 942 | |c BK | ||
| 945 | |d 20070629 00:00:00 |a jtorresc | ||
| 260 | |a Santiago |b SAG |c 2005 | ||
| 650 | 7 | |a BOVINOS |2 CL-VaPUC |9 521988 | |
| 650 | 0 | |a Leche |9 259848 | |
| 650 | 7 | |a PRODUCCION DE LECHE |2 CL-VaPUC |9 394513 | |
| 650 | 0 | |a Animales lecheros |9 403553 | |
| 650 | 7 | |a PARTO |2 CL-VaPUC |9 310888 | |
| 650 | 0 | |a Reproducción |9 269783 | |
| 650 | 7 | |a GANADO BOVINO |2 CL-VaPUC |9 402898 | |
| 583 | |a last modification |c 20070629 00:00:00 |k Rodrigo Vera | ||
| 999 | |c 326273 |d 326271 | ||
| 952 | |0 0 |1 0 |4 0 |6 637_100000000000000_SER_2005 |7 0 |8 A |9 408093 |a BIBAGR |b BIBAGR |d 2019-11-22 |i 4354281 |o 637.1 SER 2005 |p 4354281 |r 2025-01-20 |w 2019-11-22 |y BK |k AGR | ||
| 952 | |0 0 |1 0 |4 0 |6 637_100000000000000_SER_2005 |7 0 |8 A |9 408094 |a BIBAGR |b BIBAGR |d 2019-11-22 |i 435429K |o 637.1 SER 2005 |p 435429K |r 2025-01-20 |w 2019-11-22 |y BK |k AGR | ||